| 000 | 00790nam a2200241Ia 4500 | ||
|---|---|---|---|
| 008 | 210303s9999 xx 000 0 und d | ||
| 016 | _2retro2021 | ||
| 020 | _a9780849304163 | ||
| 040 |
_aNLN _bEnglish _eAACR2 |
||
| 050 |
_aTK7885 _b.S555 |
||
| 082 | _a004 | ||
| 100 |
_aSHIVA, Sajjan G. _eaut _931676 |
||
| 245 | 0 |
_aComputer organization, Design, and Architecture / _cSajjan G. Shiva |
|
| 250 | _a4th ed. | ||
| 260 |
_aBoka Raton (6000 Broken Sound Parkway NW, Suite 300 ) : _bCRC Press / Taylor & Francis Group, _c2008 |
||
| 300 |
_axx, 763p. : _bill. ; 24cm. |
||
| 500 | _aIncludes bibliographical references | ||
| 563 | _a(cased) | ||
| 650 |
_aComputer Engineering _916938 |
||
| 650 |
_aComputer Architecture _931677 |
||
| 650 |
_aComputer orgnization _931678 |
||
| 942 |
_n0 _cBK |
||
| 999 |
_c14064 _d14064 |
||